Health : (Record no. 10207)
[ view plain ]
| 000 -LEADER | |
|---|---|
| fixed length control field | 00620nam a22002177a 4500 |
| 003 - CONTROL NUMBER IDENTIFIER | |
| control field | SISC |
| 005 - DATE AND TIME OF LATEST TRANSACTION | |
| control field | 20160212092854.0 |
| 008 - FIXED-LENGTH DATA ELEMENTS--GENERAL INFORMATION | |
| fixed length control field | 130902t xxu||||| |||| 00| 0 eng d |
| 020 ## - INTERNATIONAL STANDARD BOOK NUMBER | |
| International Standard Book Number | 0395567688 |
| 050 ## - LIBRARY OF CONGRESS CALL NUMBER | |
| Classification number | RA 776 |
| Item number | .G394 1991 |
| 082 ## - DEWEY DECIMAL CLASSIFICATION NUMBER | |
| Classification number | HS 372.3 |
| Item number | G33 1991 |
| 100 ## - MAIN ENTRY--PERSONAL NAME | |
| Personal name | Getchell, Bud |
| 9 (RLIN) | 16235 |
| 245 ## - TITLE STATEMENT | |
| Title | Health : |
| Statement of responsibility, etc | Bud Getchell |
| Remainder of title | houghton mifflin |
| 260 ## - PUBLICATION, DISTRIBUTION, ETC. (IMPRINT) | |
| Place of publication, distribution, etc | Mass : |
| Name of publisher, distributor, etc | Houghton Mifflin, |
| Date of publication, distribution, etc | c1991. |
| 300 ## - PHYSICAL DESCRIPTION | |
| Extent | 576 p. : |
| Other physical details | col. ill. ; |
| Dimensions | 24 cm. |
| 500 ## - GENERAL NOTE | |
| General note | Includes index. |
| 650 ## - SUBJECT ADDED ENTRY--TOPICAL TERM | |
| Topical term or geographic name as entry element | Health education. |
| 9 (RLIN) | 556 |
| 650 ## - SUBJECT ADDED ENTRY--TOPICAL TERM | |
| Topical term or geographic name as entry element | Health (textbooks) |
| General subdivision | Secondary. |
| 9 (RLIN) | 16236 |
| 942 ## - ADDED ENTRY ELEMENTS (KOHA) | |
| Source of classification or shelving scheme | Library of Congress Classification |
| Koha item type | Books |
| Withdrawn status | Lost status | Source of classification or shelving scheme | Damaged status | Home library | Current library | Shelving location | Date acquired | Total Checkouts | Total Renewals | Full call number | Barcode | Date last seen | Date checked out | Copy number | Price effective from | Koha item type |
|---|---|---|---|---|---|---|---|---|---|---|---|---|---|---|---|---|
| Library of Congress Classification | Luxembourg Library | Luxembourg Library | High School Section | 09/02/2013 | 1 | 4 | RA 776 .G394 1991 | 10689 | 04/23/2018 | 03/23/2018 | 1 | 09/02/2013 | Books |